The blue room.
Shranjeno v:
| Glavni avtor: | |
|---|---|
| Format: | Knjiga |
| Izdano: |
London, UK; New, York, USA:
Phaidon Press Limited,
2008.
|
| Teme: | |
| Oznake: |
Označite
Brez oznak, prvi označite!
|
MARC
| LEADER | 00000nam a22000007a 4500 | ||
|---|---|---|---|
| 003 | CL-VaPUC | ||
| 005 | 20250321101945.0 | ||
| 008 | 250304t2008 ||||| |||| 00| 0 eng d | ||
| 999 | |c 447100 |d 447098 | ||
| 020 | |a 978-0-7148-4832-7 | ||
| 040 | |c Pontificia Universidad Católica de Valparaíso | ||
| 082 | 7 | |2 22 |a 779 RIC 2008 | |
| 100 | 1 | |a Richards, Eugene |e author |9 896300 | |
| 245 | 1 | 4 | |a The blue room. |
| 260 | |a London, UK; |a New, York, USA: |b Phaidon Press Limited, |c 2008. | ||
| 300 | |a 168 páginas : |b ilustraciones. | ||
| 500 | |a c.1. Instituto Arcos 8-1-2025. | ||
| 583 | |c 20250304 |k Cristina María Rojas Aguilar | ||
| 650 | 0 | |a Fotografía artística |9 269391 | |
| 650 | 0 | |a Casas abandonadas |z Oeste (Estados Unidos) |v Obras pictóricas |9 896301 | |
| 942 | |2 ddc |c BK |n 0 | ||
| 952 | |0 0 |1 0 |2 ddc |4 0 |6 779_000000000000000_RIC_2008 |7 0 |8 A |9 600559 |a BIBINC |b BIBINC |d 2025-01-08 |e Instituto Arcos |i 5665509 |o 779 RIC 2008 |p 5665509 |r 2025-03-04 |t 1 |w 2025-03-04 |y BK |k IFP | ||